A carregar...
Lived Islam: Adaptation,Accommodation&Conflict/
| Autor principal: | |
|---|---|
| Formato: | Printed Book |
| Publicado em: |
Delhi:
Social Science Press,
2004.
|
| LEADER | 00486nam a22001337a 4500 | ||
|---|---|---|---|
| 020 | |a 81-8735815-7 | ||
| 082 | |a 297.0954 AHM/L | ||
| 100 | |a Ahmad,Imtiaz and Reifeld,Helmut.ed. | ||
| 245 | |a Lived Islam: |b Adaptation,Accommodation&Conflict/ | ||
| 260 | |a Delhi: |b Social Science Press, |c 2004. | ||
| 300 | |a 308p. | ||
| 942 | |c BK | ||
| 999 | |c 177635 |d 177635 | ||
| 952 | |0 0 |1 0 |4 0 |6 297_095400000000000_AHM_L |7 0 |9 196894 |a WMS |b WMS |c ST1 |d 2012-08-09 |g 0.00 |i 726 |l 0 |o 297.0954 AHM/L |p WMS726 |r 2012-08-09 |w 2012-08-09 |y BK | ||